Productivity 2nd quarter 2004 (Record no. 118094)

MARC details
000 -LEADER
fixed length control field 01056cam a2200217 4500
001 - CONTROL NUMBER
control field WB4037-06
008 - FIXED-LENGTH DATA ELEMENTS--GENERAL INFORMATION
fixed length control field 040930n2004 000 0 eng u
035 ## - SYSTEM CONTROL NUMBER
System control number (Sirsi) u127586
245 ## - TITLE STATEMENT
Title Productivity 2nd quarter 2004
260 ## - PUBLICATION, DISTRIBUTION, ETC.
Date of publication, distribution, etc. 2004
490 ## - SERIES STATEMENT
Series statement National Statistics Press Release
Volume/sequential designation 30 Setember 2004 (5)
520 ## - SUMMARY, ETC.
Summary, etc. This release is compiled on the basis of new methodology announced on 29 July 2004. Output per worker increased by 2.9% in the second quarter of 2004 compared with a year ago; this is up from 2% for the previous quarter. Unit wage costs for the economy in the second quarter of 2004 increased by 2.1% compared with the same period a year ago. Manufacturing productivity was 5.4% on an output per job basis compared with the same quarter in 2003. For the new release: http://www.statistics.gov.uk/pdfdir/prod0904.pdf
590 ## - LOCAL NOTE (RLIN)
Local note WB
590 ## - LOCAL NOTE (RLIN)
Local note WB
650 ## - SUBJECT ADDED ENTRY--TOPICAL TERM
Topical term or geographic name entry element PRODUCTIVITY
650 ## - SUBJECT ADDED ENTRY--TOPICAL TERM
Topical term or geographic name entry element ECONOMIC ACTIVITY
650 ## - SUBJECT ADDED ENTRY--TOPICAL TERM
Topical term or geographic name entry element MANUFACTURING OUTPUT
650 ## - SUBJECT ADDED ENTRY--TOPICAL TERM
Topical term or geographic name entry element UNIT WAGE COSTS
690 ## - LOCAL SUBJECT ADDED ENTRY--TOPICAL TERM (OCLC, RLIN)
Topical term or geographic name as entry element ECONOMIC ISSUES
942 ## - ADDED ENTRY ELEMENTS (KOHA)
Suppress in OPAC 0
Holdings
Withdrawn status Lost status Source of classification or shelving scheme Damaged status Not for loan Home library Current library Shelving location Date acquired Total Checkouts Full call number Barcode Date last seen Copy number Price effective from Koha item type
    Dewey Decimal Classification     London London News article 30/09/2004   WB4037-06 127586-1001 06/08/2019 1 06/08/2019 News article